000 00822cab a2200253 4500
001 WB3325-36
008 090401t1997 xxu||||| |||| 00| 0 eng d
035 _a(Sirsi) u79175
041 _aeng
245 _aLeasehold property rights
260 _c1997
350 _a0
490 _aObserver
_v22 June 1997, B16(1)
520 _aBuyers of leasehold property are unaware of new rights granted to them by the Housing Act 1996 and remain vulnerable to landlords using threats to panic them into paying service charges.
650 _aHOUSING ACT 1996
650 _aLEASEHOLD ENFRANCHISEMENT
650 _aLEASEHOLD VLAUTION TRIBUNALS
650 _aLEASEHOLDERS
650 _aMARRIAGE VALUE
650 _aSERVICE CHARGES
690 _aLANDLORD AND TENANT-LEASEHOLD REFORM
942 _n0
948 _c24/06/1997
999 _c49770
_d49770